000 00316nam a2200133Ia 4500
008 191201s2005 xx 000 0 und d
100 _aDEWETT, K K
245 0 _aModern Economic Theory
250 _a21th
260 _aN.Delhi
_bShyam Lal Charitable Trust
_c2005
300 _a741
650 _aMBA
942 _2ddc
_cBK
999 _c2380
_d2380